Strategy in the second nuclear age : (Record no. 76765)

MARC details
000 -LEADER
fixed length control field 00634nam a22001937a 4500
005 - DATE AND TIME OF LATEST TRANSACTION
control field 20130619153405.0
010 ## - LCCN (DPL NO)
LC control number ENG-107674
020 ## - INTERNATIONAL STANDARD BOOK NUMBER
International Standard Book Number 9789381904664
Terms of availability 395.00
035 ## - SYSTEM CONTROL NUMBER
System control number EN-91207
037 ## - SOURCE OF ACQUISITION
Source of stock number/acquisition DBAD/PUB
245 ## - TITLE STATEMENT
Title Strategy in the second nuclear age :
Statement of responsibility, etc edited by Toshi Yoshihara [and] James R. Holmes
Remainder of title power, ambition, and the ultimate weapon /
260 ## - PUBLICATION, DISTRIBUTION, ETC. (IMPRINT)
Place of publication, distribution, etc New Delhi
Name of publisher, distributor, etc KW Publishers
Date of publication, distribution, etc 2013
270 ## - ADDRESS
Address 4676/2, First Floor, Ansari Road, Daryaganj
City New Delhi
Postal code 110002
300 ## - PHYSICAL DESCRIPTION
Extent vi,250p.
Dimensions 23cm(pbk)
500 ## - GENERAL NOTE
General note includes index
700 ## - ADDED ENTRY--PERSONAL NAME
Personal name Yoshihara, Toshi
700 ## - ADDED ENTRY--PERSONAL NAME
Personal name Holmes, James R.
942 ## - ADDED ENTRY ELEMENTS (KOHA)
Source of classification or shelving scheme Dewey Decimal Classification
Item type English Books
Call number suffix STR
Holdings
Withdrawn status Lost status Not for loan Collection code Home library Current library Date acquired Source of acquisition Cost, normal purchase price Full call number Barcode Copy number Cost, replacement price Koha item type
    Not For Loan Non-fiction D.B.Act.Division D.B.Act.Division 19/06/2013 DBAD/PUB 395.00 STR EN-91207 1 395.00 English Books

© Delhi Public Library
Hit Counter
free hit counter